| Tag |
First Indicator |
Second Indicator |
Subfields |
| LEADER |
00000nam a2200000 4500 |
| 001 |
in00004220121 |
| 005 |
20200807081422.0 |
| 006 |
m g d |
| 007 |
cr bn |||a|bb| |
| 008 |
920421s1635 enk o 00| | eng d |
| 035 |
|
|
|a (UnM)99852061
|
| 037 |
|
|
|a CL0036000038
|b ProQuest. 789 E. Eisenhower Parkway, Ann Arbor, MI 48108-3218
|
| 040 |
|
|
|a Cu-RivES
|c Cu-RivES
|d CStRLIN
|e dcrb
|d WaOLN
|
| 100 |
1 |
|
|a Cevoli, Francesco.
|
| 240 |
1 |
0 |
|a Discorso d'un caso seguito à Sua Maestà nella caccia.
|l English
|
| 245 |
0 |
3 |
|a An occasionall discourse, upon an accident which befell his Maiesty in hunting. Composed in Italian, by Francis Cevolus, and thence translated into English
|
| 246 |
2 |
|
|a Discorso d'un caso seguito à Sua Maestà nella caccia.
|
| 246 |
2 |
|
|a Occasionall discourse, upon an accident which befell his Majesty in hunting.
|
| 260 |
|
|
|a London :
|b Printed by Iohn Norton, for Robert Bird, at the Bible in St. Laurence-lane,
|c 1635.
|
| 300 |
|
|
|a 1 online resource ([4], 8; [4], 8 pages)
|
| 336 |
|
|
|a text
|b txt
|2 rdacontent
|
| 337 |
|
|
|a computer
|b c
|2 rdamedia
|
| 338 |
|
|
|a online resource
|b cr
|2 rdacarrier
|
| 500 |
|
|
|a Francis Cevolus = Francesco Cevoli.
|
| 500 |
|
|
|a English translation followed by Italian text with separate dated title page with imprint: In Londra, nella stamperia di Giovanni Norton, 1635. Register is continuous, with separate pagination.
|
| 500 |
|
|
|a Reproduction of the original in the Bodleian Library.
|
| 510 |
4 |
|
|a STC (2nd. edition)
|c 4922.
|
| 533 |
|
|
|a Electronic reproduction.
|b Ann Arbor, Mich. :
|c UMI,
|d 1999-
|f (Early English books online)
|n Digital version of: (Early English books, 1475-1640 ; 1373:16)
|7 s1999 miun s
|
| 600 |
0 |
0 |
|a Charles
|b I,
|c King of England,
|d 1600-1649.
|
| 830 |
|
0 |
|a Early English books online.
|
| 856 |
4 |
0 |
|u http://proxy.library.tamu.edu/login?url=https://search.proquest.com/docview/2240903290
|z Connect to the full text of this electronic book
|t 0
|
| 999 |
f |
f |
|s a6ca7920-0599-312e-834a-a8db0858c01d
|i d60b1e96-e71d-342e-9b8b-ca543776db39
|t 0
|
| 952 |
f |
f |
|a Texas A&M University
|b College Station
|c Electronic Resources
|d Available Online
|t 0
|h No information provided
|
| 998 |
f |
f |
|t 0
|l Available Online
|